000 00607nam a22001937a 4500
005 20251108172707.0
008 250721s2001 xx 000 0 ara d
082 1 4 _aم/269.4/حيا
100 1 _aإبن حيان، وكيع بن محمد بن خلف
_eمؤلف
245 1 0 _aأخبار القضاة /
264 1 _aبيروت :
_bعالم الكتب،
_c2001.
300 _a872ص
650 1 7 _aالقضاة
650 1 7 _aالشريعة الإسلامية
650 1 7 _aالفقه الإسلامي
700 1 _aاللحام، سعيد بن محمد
_eمحقق
942 _2ddc
_cREF
999 _c86137
_d86137